00242nam a2200097Ia 4500008004100000041000800041100001300049245003200062260003500094650001500129231219s9999 xx 000 0 und d aeng aJ.Navare aThe Marketing of Insurances bGlobal Business Press Delhi95  aManagement